2062 Fifa Croatia (Fiction) - Statistics

General Stats
  • This quiz has been taken 16 times
  • The average score is 5 of 13
Answer Stats
Capital(s) Country % Correct
Podgorica Montenegro
93%
Belgrade Serbia
93%
Bratislava Slovakia
86%
Swakopmund/Windhoek Namibia
57%
Nuku'Alofa Tonga
43%
South Tarawa Kiribati
36%
Oruro/Tarija Bolivia
21%
Limon Costa Rica
14%
Kiffa Mauritania
14%
Vernon Columbia
7%
Oswego Eire
7%
Lafayette Louisiana
7%
Mary's Desert (Mary) Turkmen
7%
No matching quizzes found
Score Distribution
Percent of People with Each Score
Percentile by Number Answered
Your Score History
You have not taken this quiz